ARRUPE JESUIT UNIVERSITY

CORONAVIRUS -STOP THE SPREAD - CLEAN,DISINFECT,COVER

Angola : (Record no. 124404)

MARC details
000 -LEADER
fixed length control field 01383cam a2200373 a 4500
001 - CONTROL NUMBER
control field 11866308
003 - CONTROL NUMBER IDENTIFIER
control field ARRUPE
005 - DATE AND TIME OF LATEST TRANSACTION
control field 20160321120211.0
008 - FIXED-LENGTH DATA ELEMENTS--GENERAL INFORMATION
fixed length control field 990915s1999 rh bs 000 0 eng
010 ## - LIBRARY OF CONGRESS CONTROL NUMBER
LC control number 99892372
020 ## - INTERNATIONAL STANDARD BOOK NUMBER
International Standard Book Number 1779050836
035 ## - SYSTEM CONTROL NUMBER
System control number (DLC) 99892372
040 ## - CATALOGING SOURCE
Original cataloging agency DLC
Transcribing agency DLC
Modifying agency DLC
042 ## - AUTHENTICATION CODE
Authentication code lcode
043 ## - GEOGRAPHIC AREA CODE
Geographic area code f-ao---
050 00 - LIBRARY OF CONGRESS CALL NUMBER
Classification number HC950
Item number .K38 1999
082 00 - DEWEY DECIMAL CLASSIFICATION NUMBER
Classification number 320.9673
Edition number 21
300 ## - PHYSICAL DESCRIPTION
Dimensions 21 cm.
100 1# - MAIN ENTRY--PERSONAL NAME
Personal name Kaure, Alexactus T.
9 (RLIN) 23045
245 10 - TITLE STATEMENT
Title Angola :
Remainder of title from socialism to liberal reforms /
Statement of responsibility, etc [Alexactus T. Kaure].
260 ## - PUBLICATION, DISTRIBUTION, ETC. (IMPRINT)
Place of publication, distribution, etc Mt. Pleasant, Harare :
Name of publisher, distributor, etc SAPES Books,
Date of publication, distribution, etc 1999.
300 ## - PHYSICAL DESCRIPTION
Extent 69 p.;
440 #0 - SERIES STATEMENT/ADDED ENTRY--TITLE
Title Southern Africa specialised studies series
9 (RLIN) 23046
500 ## - GENERAL NOTE
General note "SAPES Trust"--P. [4] of cover.
500 ## - GENERAL NOTE
General note "Southern African Regional Institute for Policy Studies"--Ser. t.p.
500 ## - GENERAL NOTE
General note Based on author's thesis (masters)--University of Manchester, U.K.
504 ## - BIBLIOGRAPHY, ETC. NOTE
Bibliography, etc Includes bibliographical references (p. 67-69).
650 ## - SUBJECT ADDED ENTRY--TOPICAL TERM
Topical term or geographic name as entry element Angola
Source of heading or term Economic conditions
Chronological subdivision 1975-
9 (RLIN) 23047
650 ## - SUBJECT ADDED ENTRY--TOPICAL TERM
Topical term or geographic name as entry element Angola
General subdivision Economic policy.
9 (RLIN) 23048
710 2# - ADDED ENTRY--CORPORATE NAME
Corporate name or jurisdiction name as entry element SAPES Trust.
9 (RLIN) 23049
710 2# - ADDED ENTRY--CORPORATE NAME
Corporate name or jurisdiction name as entry element Southern Africa Regional Institute for Policy Studies.
9 (RLIN) 23050
906 ## - LOCAL DATA ELEMENT F, LDF (RLIN)
a 7
b cbc
c origode
d 3
e ncip
f 19
g y-gencatlg
942 ## - ADDED ENTRY ELEMENTS (KOHA)
Source of classification or shelving scheme Library of Congress Classification
Koha item type Monograph ( Printed materials)
Holdings
Withdrawn status Lost status Source of classification or shelving scheme Damaged status Not for loan Collection code Home library Current library Shelving location Date acquired Total Checkouts Full call number Barcode Date last seen Price effective from Koha item type
    Library of Congress Classification     Main Collection ARRUPE LIBRARY ARRUPE LIBRARY Main Collection 21/03/2016   HC950.K38 1999 46500007177 23/04/2018 21/03/2016 Monograph ( Printed materials)

 

Arrupe Library. PO Box MP320 Mt Pleasant, Harare, Zimbabwe
263 242 745411|librarian@aju.ac.zw